The birds of India : (Record no. 35679)
[ view plain ]
| 000 -LEADER | |
|---|---|
| fixed length control field | 01104nam a2200253 a 4500 |
| 001 - CONTROL NUMBER | |
| control field | 35679 |
| 003 - CONTROL NUMBER IDENTIFIER | |
| rucl marc code | BD-RjUL |
| 005 - DATE AND TIME OF LATEST TRANSACTION | |
| control field | 20211209052349.0 |
| 008 - FIXED-LENGTH DATA ELEMENTS--GENERAL INFORMATION | |
| fixed length control field | 190211s1877 ii 000 0 eng d |
| 035 ## - SYSTEM CONTROL NUMBER | |
| System control number | (BD-RjUL)35774 |
| 040 ## - CATALOGING SOURCE | |
| Original cataloging agency | NIC |
| Transcribing agency | NIC |
| Language of cataloging | eng |
| 041 ## - LANGUAGE CODE | |
| Language code of text/sound track or separate title | eng |
| 043 ## - GEOGRAPHIC AREA CODE | |
| Geographic area code | a-ii--- |
| 082 ## - DEWEY DECIMAL CLASSIFICATION NUMBER | |
| Edition number | 23 |
| Classification number | 598.0954 |
| Author mark and year | JEB V-1-2 1877 |
| 100 1# - MAIN ENTRY--PERSONAL NAME | |
| Personal name | Jerdon, T. C. |
| Fuller form of name | (Thomas Claverhill), |
| Dates associated with a name | 1811-1872. |
| 9 (RLIN) | 228046 |
| 245 14 - TITLE STATEMENT | |
| Title | The birds of India : |
| Remainder of title | being a natural history of all the birds known to inhabit continental India : with descriptions of the species, genera, families, tribes, and orders, and a brief notice of such families as are not found in India, making it a manual of ornithology specially adapted for India / |
| Statement of responsibility, etc. | by the late T.C. Jerdon ; reprinted under supervision of H. H. Godwin-Austen. |
| 260 ## - PUBLICATION, DISTRIBUTION, ETC. (IMPRINT) | |
| Place of publication, distribution, etc. | Calcutta : |
| Name of publisher, distributor, etc. | P. S. D'Rozario, |
| Date of publication, distribution, etc. | 1877. |
| 300 ## - PHYSICAL DESCRIPTION | |
| Pagination | 2 v. in 3 ; |
| Size | 22 cm. |
| 500 ## - GENERAL NOTE | |
| General note | "2 volumes in 3" |
| 505 0# - FORMATTED CONTENTS NOTE | |
| Formatted contents note | Vol. 1 -- v. 2( part 1) -- v. 2( part 2) -- |
| 650 #0 - SUBJECT ADDED ENTRY--TOPICAL TERM | |
| Topical term or geographic name as entry element | Birds |
| Geographic subdivision | India. |
| 9 (RLIN) | 228047 |
| 700 1# - ADDED ENTRY--PERSONAL NAME | |
| Personal name | Godwin-Austen, Henry Haversham, |
| Dates associated with a name | 1834-1923. |
| 942 ## - ADDED ENTRY ELEMENTS (KOHA) | |
| Source of classification or shelving scheme | Dewey Decimal Classification |
| Koha item type | Rare Books |
| Lost status | Source of classification or shelving scheme | Damaged status | Not for loan | Collection code | Permanent Location | Current Location | Shelving location | Date acquired | Total Checkouts | Full call number | Date last seen | Copy number | Koha item type |
|---|---|---|---|---|---|---|---|---|---|---|---|---|---|
| Dewey Decimal Classification | Not For Loan | Rare Books | Central Library, University of Rajshahi | Central Library, University of Rajshahi | Rare Book Section | 11/02/2019 | RA 598.0954 JEB V-1 1877 | 11/02/2019 | C-1 | Rare Books | |||
| Dewey Decimal Classification | Not For Loan | Rare Books | Central Library, University of Rajshahi | Central Library, University of Rajshahi | Rare Book Section | 11/02/2019 | RA 598.0954 JEB V-2(Pt.-1) 1877 | 11/02/2019 | C-1 | Rare Books | |||
| Dewey Decimal Classification | Not For Loan | Rare Books | Central Library, University of Rajshahi | Central Library, University of Rajshahi | Rare Book Section | 11/02/2019 | RA 598.0954 JEB V-2(Pt.-2) 1877 | 11/02/2019 | C-1 | Rare Books |